| 000 | 00798nam a2200229 a 4500 | ||
|---|---|---|---|
| 008 | 120416s1991 ||||||||||||||||| || u | ||
| 020 | _a0070510369 | ||
| 050 | _aHD 30.28 Pri | ||
| 100 | _aPrimozic, Edward A | ||
| 245 | 1 | 0 | _aStrategic choices |
| 246 | _asupremacy, survival, or Sayonara | ||
| 260 |
_aNew York _bMcGraw-Hill _c1991 |
||
| 300 | _axvi, 272p. : ill. | ||
| 350 | _a0.00 | ||
| 500 | _aIncludes bibliographical references and index. | ||
| 650 | 0 | _aMANAGEMENT | |
| 650 | 0 | _aSTRATEGIC PLANNING | |
| 700 | _aPrimozic, Kenneth I | ||
| 700 | _aLeben, Joe | ||
| 856 | _uhttp://www.loc.gov/catdir/toc/mh021/90036642.html | ||
| 995 |
_D0.00 _FCBU-MAIN LIBRARY (Kitwe) _H1 _I24.95 _M1 _UAVAILABLE _ZAnnex Low-Usage Collection |
||
| 999 |
_c58482 _d58482 |
||